000 00392nam a2200157Ia 4500
003 Ost
005 20260225132559.0
008 260225s9999||||xx |||||||||||||| ||und||
040 _cfsic
041 _afre
082 _a302.23
100 _amouhoubi salah
_eAuteur
245 0 _a2Le Monde en Crisr :
245 0 _bLa fin de l'unilatéralisme américain /
_cmouhoubi salah
942 _cكتاب
999 _c34639
_d34639